Normal view
MARC view
- Male, Robert A
Entry Personal Name
001 - CONTROL NUMBER
- control field: 106662
003 - CONTROL NUMBER IDENTIFIER
- control field: NUST
005 - DATE AND TIME OF LATEST TRANSACTION
- control field: 20230102175321.0
008 - FIXED-LENGTH DATA ELEMENTS
- fixed length control field: 230102|| aca||aabn | a|a d
040 ## - CATALOGING SOURCE
- Original cataloging agency: NUST
- Transcribing agency: NUST
100 ## - HEADING--PERSONAL NAME
- Personal name: Male, Robert A
670 ## - SOURCE DATA FOUND
- Source citation: Work cat.: (NUST)185877: Perrone, Philip A. 106659, The developmental education and guidance of talented learners /, 1981.
